[Event "Pontevedra U1600 op 1st"]
[Site "Pontevedra"]
[Date "2017.07.01"]
[Round "2.5"]
[White "Gonzalez Quintela, Francisco"]
[Black "Gallardo Garcia, Sabela"]
[Result "1-0"]
[WhiteElo "1399"]
[BlackElo "1155"]
[PlyCount "181"]
[EventDate "2017.07.01"]
[EventType "swiss"]
[EventRounds "6"]
[EventCountry "ESP"]
[SourceTitle "EXT 2024"]
[Source "ChessBase"]
[SourceDate "2023.10.10"]
[SourceVersion "1"]
[SourceVersionDate "2023.10.10"]
[SourceQuality "1"]

1. e4 c5 2. Nc3 g6 3. Nf3 Bg7 4. Bc4 Nc6 5. d3 d6 6. 0-0 Nf6 7. Be3 0-0 8. h3 a6 9. a3 b5 10. Ba2 Rb8 11. Ne2 b4 12. a4 Na5 13. Rb1 Bd7 14. Nf4 Qc8 15. e5 dxe5 16. Nxe5 Nc6 17. Nxd7 Qxd7 18. Bc4 Nd4 19. Bxa6 Qxa4 20. Bxd4 cxd4 21. Ra1 Qc6 22. Bc4 Ra8 23. b3 Rxa1 24. Qxa1 Ra8 25. Qxd4 Nh5 26. Qe3 Nxf4 27. Qxf4 Qf6 28. Qxf6 Bxf6 29. Rd1 Ra2 30. Rd2 Be5 31. f3 Bc3 32. Re2 Ra1+ 33. Kf2 Bd4+ 34. Kg3 e6 35. Bb5 Ra5 36. Ba4 Rg5+ 37. Kh2 Be5+ 38. Kg1 Bd4+ 39. Kf1 Kg7 40. Re4 Bc5 41. Rg4 Re5 42. d4 Bxd4 43. Rxd4 Re3 44. Rxb4 Rc3 45. Rc4 Re3 46. c3 Rd3 47. b4 Kf8 48. b5 Ke7 49. Rc6 Rd2 50. c4 Ra2 51. Bd1 Kd7 52. Be2 Ra1+ 53. Kf2 Ra2 54. Ke3 Ra3+ 55. Bd3 Ra2 56. Be2 Ra3+ 57. Kd2 Ra2+ 58. Ke1 Ra1+ 59. Kf2 Ra2 60. Ra6 Rc2 61. Ra7+ Kc8 62. Rxf7 h5 63. Rf6 Kc7 64. Rxg6 Kb6 65. Rxe6+ Kc5 66. Re5+ Kb6 67. Rxh5 Rb2 68. f4 Kc7 69. Rd5 Rb3 70. f5 Ra3 71. f6 Ra8 72. g4 Rf8 73. g5 Rg8 74. Kf3 Rh8 75. Kg4 Rg8 76. h4 Rh8 77. h5 Rg8 78. Kf5 Re8 79. Bg4 Re3 80. c5 Re8 81. Re5 Rg8 82. g6 Rf8 83. f7 Kb8 84. Re8+ Rxe8 85. fxe8Q+ Kc7 86. Qc6+ Kd8 87. Qf6+ Kc7 88. g7 Kb7 89. g8R Kc7 90. Rg7+ Kc8 91. Qf8# 1-0